Tennis - Un Joueur Par Pays - Statistiques

Statistiques générales
  • Ce quiz a été pris 537 fois
    318 depuis la dernière actualisation
  • Le résultat moyen est 16 sur 20
Statistiques - réponses
Pays Joueur % Correct
Russie Daniil Medvedev
98%
Espagne Carlos Alcaraz
97%
Danemark Holger Rune
96%
Serbie Novak Djokovic
91%
États-Unis Taylor Fritz
91%
Allemagne Alexander Zverev
90%
Grèce Stefanos Tsitsipas
90%
Italie Jannik Sinner
89%
Norvège Casper Ruud
84%
Bulgarie Grigor Dimitrov
84%
France Ugo Humbert
83%
Kazakhstan Alexander Bublik
82%
Australie Alex De Minaur
81%
Pologne Hubert Hurkacz
76%
Royaume-Uni Jack Draper
76%
Portugal Nuno Borges
72%
Argentine Sebastian Baez
67%
Pays-Bas Tallon Griekspoor
67%
Chili Alejandro Tabilo
56%
Tchéquie Tomas Machac
52%
Aucun quiz correspondant
Distribution des résultats
% des personnes avec chaque résultat
Percentile par nombre de réponses
Votre historique - résultats
Vous n’avez pas pris ce quiz depuis la dernière actualisation